| 000 | 00550nam a22002057a 4500 | ||
|---|---|---|---|
| 008 | 131126b xxu||||| |||| 00| 0 eng d | ||
| 020 | _a040698168X | ||
| 041 | 0 | _aeng | |
| 080 | _a343 | ||
| 100 | 1 | _aMunday, Roderick | |
| 240 | _aButterworths Student Statutes | ||
| 245 | 1 | 0 |
_aEvidence / _cRoderick Munday. |
| 250 | _athird edition | ||
| 260 |
_aLondon : _aDublin : _aEdinburgh : _bButterworths ; _c1998. |
||
| 300 |
_a488 f. : _c25 cm. |
||
| 500 | _aPreface : f. V-VI | ||
| 650 | 0 | _aE drejta penale | |
| 650 | 0 | _aKriminalistika | |
| 942 |
_2udc _cBK |
||
| 999 |
_c353 _d353 |
||